The noble scholar, jurist, historian


 His Excellency Dr. Abdul Wahhab bin Ibrahim Abu Sulaiman, may Allah have mercy on him.


 He was born in Umm Al-Qura in the year 1356 AH.

دور الجامعات السعودية في حوار الحضارات : (Record no. 9117)

MARC details
000 -LEADER
fixed length control field 01706cam a2200313 i 4500
003 - CONTROL NUMBER IDENTIFIER
control field SA-RiAUC
005 - DATE AND TIME OF LATEST TRANSACTION
control field 20250620161823.0
008 - FIXED-LENGTH DATA ELEMENTS--GENERAL INFORMATION
fixed length control field 250610s2010 su f b f000r0 ara c
020 ## - INTERNATIONAL STANDARD BOOK NUMBER
International Standard Book Number 9789960049748
040 ## - CATALOGING SOURCE
Original cataloging agency SA-MaMIU
Language of cataloging ara
Transcribing agency SA-RiAUC
Description conventions rda
043 ## - GEOGRAPHIC AREA CODE
Geographic area code a-su---
050 #4 - LIBRARY OF CONGRESS CALL NUMBER
Item number A23 2010
082 04 - DEWEY DECIMAL CLASSIFICATION NUMBER
Classification number 378.531
Assigning agency SA-RiAUC
090 ## - LOCALLY ASSIGNED LC-TYPE CALL NUMBER (OCLC); LOCAL CALL NUMBER (RLIN)
Classification number (OCLC) (R) ; Classification number, CALL (RLIN) (NR) 378.531
Local cutter number (OCLC) ; Book number/undivided call number, CALL (RLIN) ا ب ا
100 1# - MAIN ENTRY--PERSONAL NAME
Personal name أبا الخيل، سليمان بن عبد الله،
Dates associated with a name 1381 هجري-
Relator term مؤلف.
245 10 - TITLE STATEMENT
Title دور الجامعات السعودية في حوار الحضارات :
Remainder of title جامعة الإمام محمد بن سعود الإسلامية أنموذجا : مشاركة في معرض اليابان الدولي الذي تستضاف فيه المملكة العربية السعودية ضيف شرف رسمي تحت إشراف وزارة التعليم العالي /
Statement of responsibility, etc. إعداد وتأليف سليمان بن عبد الله أبا الخيل.
264 #1 - PRODUCTION, PUBLICATION, DISTRIBUTION, MANUFACTURE, AND COPYRIGHT NOTICE
Place of production, publication, distribution, manufacture الرياض :
Name of producer, publisher, distributor, manufacturer وزارة التعليم العالي، جامعة الإمام محمد بن سعود،
Date of production, publication, distribution, manufacture, or copyright notice 2010
300 ## - PHYSICAL DESCRIPTION
Extent 67 صفحة ؛
Dimensions 22 × 18 سم
336 ## - CONTENT TYPE
Content type term نص
Content type code txt
Source rdacontent
Materials specified كتاب
337 ## - MEDIA TYPE
Media type term بدون وسيط
Media type code n
Source rdamedia
338 ## - CARRIER TYPE
Carrier type term مجلد
Carrier type code nc
Source rdacarrier
504 ## - BIBLIOGRAPHY, ETC. NOTE
Bibliography, etc. note يشتمل على ارجاعات ببليوجرافية.
610 27 - SUBJECT ADDED ENTRY--CORPORATE NAME
Corporate name or jurisdiction name as entry element جامعة الإمام محمد بن سعود الإسلامية
Form subdivision دراسات حالة
Source of heading or term aucnm
650 #7 - SUBJECT ADDED ENTRY--TOPICAL TERM
Topical term or geographic name entry element الجامعات والكليات
Geographic subdivision السعودية
Source of heading or term aucsh
650 #7 - SUBJECT ADDED ENTRY--TOPICAL TERM
Topical term or geographic name entry element الصراع الثقافي
Source of heading or term aucsh
650 #7 - SUBJECT ADDED ENTRY--TOPICAL TERM
Topical term or geographic name entry element الجامعات والكليات
Geographic subdivision السعودية
Source of heading or term aucsh
942 ## - ADDED ENTRY ELEMENTS (KOHA)
Source of classification or shelving scheme Dewey Decimal Classification
Koha item type Books
Suppress in OPAC No
949 ## - LOCAL PROCESSING INFORMATION (OCLC)
a SA-JeALM
d 250610
u mohamedma123
n 1
Holdings
Withdrawn status Lost status Source of classification or shelving scheme Damaged status Not for loan Home library Current library Date acquired Total checkouts Full call number Barcode Date last seen Price effective from Koha item type
    Dewey Decimal Classification     DR AbdElwahab Library DR AbdElwahab Library 06/20/2025   378.531 ا ب ا 000014893 06/20/2025 06/20/2025 Books